[Event "GER CCM-E03-D email"]
[Site "GER email"]
[Date "2019.06.19"]
[Round "?"]
[White "Pinho, Manuel Brandao"]
[Black "Tamayo Gutierrez, Rommel"]
[Result "1/2-1/2"]
[WhiteElo "2218"]
[BlackElo "2219"]
[PlyCount "86"]
[EventDate "2019.??.??"]
[EventType "tourn (corr)"]
[EventRounds "13"]
[EventCountry "GER"]
[SourceTitle "Corr 2022"]
[Source "ChessBase"]
[SourceDate "2021.10.24"]
[SourceVersion "1"]
[SourceVersionDate "2021.10.24"]
[SourceQuality "1"]

1. e4 e5 2. Nf3 Nc6 3. Bb5 a6 4. Ba4 Nf6 5. 0-0 Be7 6. Re1 b5 7. Bb3 d6 8. c3 0-0 9. h3 Bb7 10. d4 Re8 11. Ng5 Rf8 12. Nf3 Re8 13. Nbd2 Bf8 14. Bc2 g6 15. d5 Nb8 16. c4 c6 17. b3 Qc7 18. Nf1 Rc8 19. Bg5 Nbd7 20. Rc1 Qa5 21. Bb1 Rab8 22. Ng3 Qa3 23. Nd2 Be7 24. Be3 Bd8 25. Bd3 Qa5 26. Rb1 cxd5 27. exd5 Qc7 28. Qf3 Be7 29. h4 Qd8 30. a4 Nc5 31. Bf5 Rc7 32. h5 Ne8 33. cxb5 axb5 34. axb5 Ba8 35. b6 Rxb6 36. b4 Na4 37. b5 Nf6 38. Bxb6 Nxb6 39. Be4 Nxe4 40. Ngxe4 Bxd5 41. Qe3 Rb7 42. Red1 Be6 43. Nf3 Qb8 1/2-1/2

[Event "ZH-2018-0-01684"]
[Site "LSS email"]
[Date "2018.06.16"]
[Round "?"]
[White "Dehaybe, Andre"]
[Black "Tamayo Gutierrez, Rommel"]
[Result "1-0"]
[WhiteElo "2238"]
[BlackElo "2179"]
[PlyCount "35"]
[EventDate "2018.06.09"]
[EventType "match (corr)"]
[EventRounds "2"]
[EventCountry "GER"]
[SourceTitle "Corr 2022"]
[Source "ChessBase"]
[SourceDate "2021.10.24"]
[SourceVersion "1"]
[SourceVersionDate "2021.10.24"]
[SourceQuality "1"]

1. d4 Nf6 2. c4 e6 3. g3 d5 4. Nf3 Be7 5. Bg2 0-0 6. 0-0 dxc4 7. Ne5 Nc6 8. Bxc6 bxc6 9. Nxc6 Qe8 10. Nxe7+ Qxe7 11. Qa4 e5 12. dxe5 Qxe5 13. Qxc4 Be6 14. Qd3 Rad8 15. Qf3 Bd5 16. Qe3 Qh5 17. f3 Rfe8 18. Qf2 1-0

[Event "OP-2018-0-04602"]
[Site "LSS email"]
[Date "2018.06.16"]
[Round "?"]
[White "Misericordia, Antonio"]
[Black "Tamayo Gutierrez, Rommel"]
[Result "1-0"]
[WhiteElo "2371"]
[BlackElo "2179"]
[PlyCount "27"]
[EventDate "2018.06.09"]
[EventType "tourn (corr)"]
[EventRounds "4"]
[EventCountry "GER"]
[SourceTitle "Corr 2022"]
[Source "ChessBase"]
[SourceDate "2021.10.24"]
[SourceVersion "1"]
[SourceVersionDate "2021.10.24"]
[SourceQuality "1"]

1. g3 d5 2. Bg2 c6 3. Nf3 Nf6 4. 0-0 Bf5 5. d3 e6 6. c4 dxc4 7. dxc4 Nbd7 8. Nh4 Be4 9. Bxe4 Nxe4 10. Qc2 Nef6 11. Nc3 Be7 12. Nf3 0-0 13. Rd1 Qc7 14. Bf4 1-0

[Event "OP-2018-0-04602"]
[Site "LSS email"]
[Date "2018.06.16"]
[Round "?"]
[White "Tamayo Gutierrez, Rommel"]
[Black "Muniz Pardino, Alberto"]
[Result "0-1"]
[WhiteElo "2179"]
[BlackElo "2263"]
[PlyCount "20"]
[EventDate "2018.06.09"]
[EventType "tourn (corr)"]
[EventRounds "4"]
[EventCountry "GER"]
[SourceTitle "Corr 2022"]
[Source "ChessBase"]
[SourceDate "2021.10.24"]
[SourceVersion "1"]
[SourceVersionDate "2021.10.24"]
[SourceQuality "1"]

1. e4 e5 2. Nf3 Nc6 3. Bb5 Nf6 4. d3 Bc5 5. 0-0 Nd4 6. Nxd4 Bxd4 7. Ba4 0-0 8. Nd2 d6 9. Bb3 h6 10. c3 Bb6 0-1